{"text_format":"3","workbook":"xlsx","n_sheets":1,"sheets":["1"],"not_rendered":{"defined_names":1},"read":"whole","date_system":"1900"}

{"sheet":"1","index":0,"n_rows":137,"n_cols":9,"rows_kept":137,"merged":[[0,0,0,8],[1,0,1,8],[2,0,2,8],[3,2,3,3],[3,4,3,5],[3,7,3,8],[14,2,14,6],[19,0,19,8],[21,2,21,7],[22,0,22,8],[23,0,23,8],[24,0,24,8],[25,2,25,3],[25,4,25,5],[25,7,25,8],[33,2,33,6],[42,0,42,8],[44,2,44,7],[45,0,45,8],[46,0,46,8],[47,0,47,8],[48,2,48,3],[48,4,48,5],[48,7,48,8],[56,2,56,6],[64,0,64,8],[66,2,66,7],[67,0,67,8],[68,0,68,8],[69,0,69,8],[70,2,70,3],[70,4,70,5],[70,7,70,8],[76,2,76,6],[80,0,80,8],[82,2,82,7],[83,0,83,8],[84,0,84,8],[85,0,85,8],[86,2,86,3],[86,4,86,5],[86,7,86,8],[90,2,90,6],[92,0,92,8],[94,2,94,7],[95,0,95,8],[96,0,96,8],[97,0,97,8],[98,2,98,3],[98,4,98,5],[98,7,98,8],[106,2,106,6],[115,0,115,8],[117,2,117,7],[118,0,118,8],[119,0,119,8],[120,0,120,8],[121,2,121,3],[121,4,121,5],[121,7,121,8],[125,2,125,6],[134,0,134,8],[136,2,136,7]]}
["SCHEDULE \"B\" (BILL OF QUANTITIES)"]
["(04) REHABILITATION OF ROAD FROM SHAHEED BENAZIR BHUTTO GATE TO SSP CHOWK & SSP CHOWK TO SHAHJAHAN PARK ROAD DADU MILE 0/0-3/6 (IN PORTIONS)"]
["PART \"A\" - ROAD WORK"]
["S.NO","ITEM OF WORK","QUANTITY",null,"RATE",null,"UNIT","AMOUNT"]
[]
["1/-","Making diagonal grooves of 1 1/2' 1 1/2\" at 2 ft center to center in road surface.",28600,"Sft"," @Rs.",146.41,"%Sft",{"$f":"C6*F6/100","v":{"v":41873.26,"d":"41873"}},"/-"]
["2/-","Preparing Base course by supplying and spreading stone metal of approved quality from approved quarry, properly graded to maximum size of 1 1/2” gauge in required thickness of 6” in 2 layers of 3” each to proper camber and grade including supplying and spreading 15 cft of screening and non-plastic quarry fines filing depression with stone metal after initial rolling including watering and compacting the same so as to achieve 100% density as per modified AASHO specifications. (This includes providing and using templates as directed). Rate includes all costs of materials T&P labour and carriage to site of work.",13600,"Cft"," @Rs.",14651.98,"%Cft",{"$f":"C7*F7/100","v":{"v":1992669.28,"d":"1992669"}},"/-"]
["3/-","Providing two coat of surface dressing on new or existing surface with 55 lbs bitumen 80/100 penetration and 6.75 cft Bajri of 1/2” to 3/4” gauge including cleaning the road surface rolling etc complete. Rate includes all cost of materials T&P labor and carriage to site of work",17200,"Sft"," @Rs.",2959.15,"%Sft",{"$f":"C8*F8/100","v":{"v":508973.8,"d":"508974"}},"/-"]
["4/-","Supplying to Laying proper line and grade plant mixed ASPHALT concrete power finished hyderlic / electric control prepare to specified formula exceeding to fob of finishing to proper penetration and all cost of material from source of supply of plant to site of work 2\" thick (132.5 lbs for mix plant 15 lbs of prime)",17200,"Sft"," @Rs.",16347.24,"%Sft",{"$f":"C9*F9/100","v":{"v":2811725.28,"d":"2811725"}},"/-"]
["5/-","Supplying and fixing of reflectorize Cat Eyes / Road Studs double face flush surface type.",1600,"Nos"," @Rs.",596.23,"Each",{"$f":"C10*F10","v":953968},"/-"]
["6/-","Payement marking in reflective Thermo Plastic Paint for line of in 6\" width",24600,"Rft"," @Rs.",41.24,"P.Rft",{"$f":"C11*F11","v":1014504},"/-"]
["7/-","Providing and fixing traffic sign 3\" dia G.I Pipe post and sign of equilaterial tringle shape each side 3\" long i/c painting marking as directed each.",1,"Nos"," @Rs.",{"v":14600,"d":"14600.00"},"Each",{"$f":"C12*F12","v":14600},"/-"]
["8/-","Providing and fixing traffic sign 3\" dia G.I single post sign of circular shape 3\" dia i/c painting marking as directed each.",2,"Nos"," @Rs.",{"v":14600,"d":"14600.00"},"Each",{"$f":"C13*F13","v":29200},"/-"]
["9/-","Providing and fixing informatory sign rectangular shape 4' x 3\" comprizing 2 Nos. 3\" dia G.I.Pipe pst i/c paiting, writing as directed each.",1,"Nos"," @Rs.",{"v":16956,"d":"16956.00"},"Each",{"$f":"C14*F14","v":16956},"/-"]
[null,null,"TOTAL:",{"$nulls":4},{"$f":"SUM(H6:H14)","v":{"v":7384469.619999999,"d":"7384470"}},"/-"]
[]
["i"," Add difference in cost of Bitumen (2 Coat)",4.22,"Tons"," @Rs.",81412,"P.Ton",{"$f":"C17*F17","v":{"v":343558.63999999996,"d":"343559"}},"/-"]
["ii","Add difference in cost of S.Crush (2 Coat)",17200,"Cft"," @Rs.",1725,"%Cft",{"$f":"C18*F18/100","v":296700},"/-"]
[]
["NOTE: Quantities / Rates can be changed after Technical Sanction is received from Competent Authority."]
[]
[null,"                         CONTRACTOR","EXECUTIVE ENGINEER\nHIGHWAYS DIVISION DADU"]
["SCHEDULE \"B\" (BILL OF QUANTITIES)"]
[{"$f":"A2","v":"(04) REHABILITATION OF ROAD FROM SHAHEED BENAZIR BHUTTO GATE TO SSP CHOWK & SSP CHOWK TO SHAHJAHAN PARK ROAD DADU MILE 0/0-3/6 (IN PORTIONS)"}]
["PART \"B\" - PAVING BLOCK"]
["S.NO","ITEM OF WORK","QUANTITY",null,"RATE","RATE","UNIT","AMOUNT"]
[]
["1/-","Providing Sand Cusion including supplying and spreading pit canal sand of approved quality from approved source to site of work including watering rolling etc complete. Rate includes all cost of Material, T&P, labor to site of work.",15998,"Cft"," @Rs.",{"v":900,"d":"900.00"},"%Cft",{"$f":"C28*F28/100","v":143982},"/-"]
["2/-","Preparing Base course by supplying and spreading stone metal of approved quality from approved quarry, properly graded to maximum size of 1 1/2” gauge in required thickness of 6” in 2 layers of 3” each to proper camber and grade including supplying and spreading 15 cft of screening and non-plastic quarry fines filing depression with stone metal after initial rolling including watering and compacting the same so as to achieve 100% density as per modified AASHO specifications. (This includes providing and using templates as directed). Rate includes all costs of materials T&P labour and carriage to site of work.",2400,"Cft"," @Rs.",14651.98,"%Cft",{"$f":"C29*F29/100","v":{"v":351647.52,"d":"351648"}},"/-"]
["3/-","Supplying and spreading Sand Horro any other source sand of same module finees hill sand levelling, dressing etc complete.",15998,"Cft"," @Rs.",2470.37,"%Cft",{"$f":"C30*F30/100","v":{"v":395209.7926,"d":"395210"}},"/-"]
["4/-","Providing & fixing Cement Paving Blocks flooring having size of 197x97x80 (mm) of city / quadra / cobble shape with natural colour, having strength b/w 5000 PSI to 8500 PSI i/c filling the joints with hill sand and laying in specified manner / pattern and design etc complete.",63994,"Sft"," @Rs.",223.97,"P.Sft",{"$f":"C31*F31","v":{"v":14332736.18,"d":"14332736"}},"/-"]
["5/-","Errection and Removal of centering for RCC of plain Cement Concrete work vertical of Partal Wood.",4000,"Sft"," @Rs.",3127.41,"% Sft",{"$f":"C32*F32/100","v":{"v":125096.4,"d":"125096"}},"/-"]
["6/-","Cement Concrete Plain include placing, compacting, finishing and curing etc complete including screening and watering of stone aggregate without shuttering Ration (1:2:4).",1500,"Cft"," @Rs.",14429.25,"%Cft",{"$f":"C33*F33/100","v":{"v":216438.75,"d":"216439"}},"/-"]
[null,null,"TOTAL:",{"$nulls":4},{"$f":"SUM(H28:I33)","v":{"v":15565110.6426,"d":"15565111"}},"/-"]
[]
["i","Add difference in cost of Cement",264,"Bags"," @Rs.",650,"P.Bag",{"$f":"C36*F36","v":171600},"/-"]
["ii","Add difference in cost of Bricks",287973,"Nos"," @Rs.",6000,"%0Nos",{"$f":"C37*F37/1000","v":1727838},"/-"]
["iii","Add difference in cost of Hill Sand",660,"Cft"," @Rs.",736,"%Cft",{"$f":"C38*F38/100","v":{"v":4857.6,"d":"4858"}},"/-"]
["iv","Add difference in cost of C/Bajri",1731.8,"Cft"," @Rs.",1725,"%Cft",{"$f":"C39*F39/100","v":{"v":29873.55,"d":"29874"}},"/-"]
["v","Add difference in cost of S/Cusion",null,"Nos"," @Rs.",6000," %0 Nos",{"$f":"C40*F40/1000","v":0},"/-"]
["vi","Add cost of Carriage",{"$nulls":5},1689037,"/-"]
[]
["NOTE: Quantities / Rates can be changed after Technical Sanction is received from Competent Authority."]
[]
[null,"                         CONTRACTOR","EXECUTIVE ENGINEER\nHIGHWAYS DIVISION DADU"]
["SCHEDULE \"B\" (BILL OF QUANTITIES)"]
[{"$f":"A2","v":"(04) REHABILITATION OF ROAD FROM SHAHEED BENAZIR BHUTTO GATE TO SSP CHOWK & SSP CHOWK TO SHAHJAHAN PARK ROAD DADU MILE 0/0-3/6 (IN PORTIONS)"}]
["PART \"C\" -  CROSS & FOOTPATH"]
["S.NO","ITEM OF WORK","QUANTITY",null,"RATE","RATE","UNIT","AMOUNT"]
[]
["1/-","Excavation of foundation of buildings, bridges and other structure including deg belling dressing refilling around the structures with excavated earth watering lead up to 100 ft and lift up to 5 ft in ordinary soil.",113,"Cft"," @Rs.",3176.25,"%0 Cft",{"$f":"C51*F51/1000","v":{"v":358.91625,"d":"359"}},"/-"]
["2/-","Cement concrete brick or stone ballast 1 1/2\" to 2” gauge Ratio (1:4:8).",38,"Cft"," @Rs.",9416.28,"%Cft",{"$f":"C52*F52/100","v":{"v":3578.1864,"d":"3578"}},"/-"]
["3/-","Errection and removal of centering for R.C.C or plain C.C work vertical of Partal Wood.",600,"Sft"," @Rs.",3127.41,"%Sft",{"$f":"C53*F53/100","v":{"v":18764.46,"d":"18764"}},"/-"]
["4/-","Cement Concrete Plain including placing, compacting, finishing and curring etc complete include screening and watering stone aggregate without shuttering Ratio (1:2:4)",325,"Cft"," @Rs.",14429.25,"%Cft",{"$f":"C54*F54/100","v":{"v":46895.0625,"d":"46895"}},"/-"]
["5/-","Fabrication of mild steel enforcement for cement concrete include cutting, bending and laying in position and making joints, fastening including the cost of binding wire also include removal of rust from bars.",2.68,"Cwt"," @Rs.",{"v":5001.7,"d":"5001.70"},"P.Cwt",{"$f":"C55*F55","v":{"v":13404.556,"d":"13405"}},"/-"]
["6/-","R.C.C  work including all labor & material except the cost of steel reinforcement & its labor for bending and binding which will be paid separately. This rate also include all kind of forms moulds lifting shuttering curring rendering finishing the exposed surface including screening the washing of shingle. R.C.C work in roof slab beams, columns rafts and lintels and other structural member laid in Situ or precast laid in position complete in all respect Ratio (1:2:4).",100,"Cft"," @Rs.",{"v":337,"d":"337.00"},"P.Cft",{"$f":"C56*F56","v":33700},"/-"]
[null,null,"TOTAL:",{"$nulls":4},{"$f":"SUM(H51:H56)","v":{"v":116701.18115,"d":"116701"}},"/-"]
[]
["i","Add difference in cost of Cement",78,"Bags"," @Rs.",650,"P.Bag",{"$f":"C59*F59","v":50700},"/-"]
["iv","Add difference in cost of S.Crush",36,"Cft"," @Rs.",1960,"%Cft",{"$f":"C60*F60/100","v":{"v":705.6,"d":"706"}},"/-"]
["v","Add difference in cost of Hill Sand",205,"Cft"," @Rs.",736,"%Cft",{"$f":"C61*F61/100","v":{"v":1508.8,"d":"1509"}},"/-"]
["vi","Add difference in cost of C/Bajri",374,"Cft"," @Rs.",1525,"%Cft",{"$f":"C62*F62/100","v":{"v":5703.5,"d":"5704"}},"/-"]
["vii","Add cost of Carriage",{"$nulls":5},23937,"/-"]
[]
["NOTE: Quantities / Rates can be changed after Technical Sanction is received from Competent Authority."]
[]
[null,"                         CONTRACTOR","EXECUTIVE ENGINEER\nHIGHWAYS DIVISION DADU"]
["SCHEDULE \"B\" (BILL OF QUANTITIES)"]
[{"$f":"A24","v":"(04) REHABILITATION OF ROAD FROM SHAHEED BENAZIR BHUTTO GATE TO SSP CHOWK & SSP CHOWK TO SHAHJAHAN PARK ROAD DADU MILE 0/0-3/6 (IN PORTIONS)"}]
["PART \"D\" - KERB / PRECAST EDGE BLOCK"]
["S.NO","ITEM OF WORK","QUANTITY",null,"RATE","RATE","UNIT","AMOUNT"]
[]
["1/-","Dismaintling and removing road mettling",660,"Cft"," @Rs.",{"v":605,"d":"605.00"},"% Cft",{"$f":"C73*F73/100","v":3993},"/-"]
["2/-","Cement Concrete Plain including placing, compacting, finishing and curring etc complete include screening and watering stone aggregate without shuttering Ratio (1:3:6)",165,"Cft"," @Rs.",{"v":12595,"d":"12595.00"},"%Cft",{"$f":"C74*F74/100","v":{"v":20781.75,"d":"20782"}},"/-"]
["3/-","Providing & Fixing precast edge block 3750 PSI industrial Made size 6\" inches thick x 12\" inches long x 18\" inches high including the cost of Cartage, excavation, form work for haunching, 1450 PSI lean concrete 2250 PSI concrete for haunching 1:4 cement",660,"Rft"," @Rs.",297.01,"P.Rft",{"$f":"C75*F75","v":{"v":196026.6,"d":"196027"}},"/-"]
["4/-","Preparing surface and painting corrugated surface patent roofing etc complete ",990,"Cft"," @Rs.",896.39,"%Cft",{"$f":"C76*F76/100","v":{"v":8874.261,"d":"8874"}},"/-"]
[null,null,"TOTAL:",{"$nulls":4},{"$f":"SUM(H73:H76)","v":{"v":229675.611,"d":"229676"}},"/-"]
[]
["vii","Add cost of Carriage",{"$nulls":5},8123,"/-"]
[]
["NOTE: Quantities / Rates can be changed after Technical Sanction is received from Competent Authority."]
[]
[null,"                         CONTRACTOR","EXECUTIVE ENGINEER\nHIGHWAYS DIVISION DADU"]
["SCHEDULE \"B\" (BILL OF QUANTITIES)"]
[{"$f":"A69","v":"(04) REHABILITATION OF ROAD FROM SHAHEED BENAZIR BHUTTO GATE TO SSP CHOWK & SSP CHOWK TO SHAHJAHAN PARK ROAD DADU MILE 0/0-3/6 (IN PORTIONS)"}]
["PART \"E\" - TILE ON FOOT PATH"]
["S.NO","ITEM OF WORK","QUANTITY",null,"RATE","RATE","UNIT","AMOUNT"]
[]
["1/-","Coloured Cement Tiles (Pattern 8\" x 8\" x 3/4\" of approved shade and pattern laid flat in 1:2 grey cement mortar over a bed of 3/4\" thick grey cement mortar 1:2.",9240,"Cft"," @Rs.",10962.34,"%Cft",{"$f":"C89*F89/100","v":{"v":1012920.2159999999,"d":"1012920"}},"/-"]
["2/-","Preparing surface and painting corrugated surface patent roofing ec complete.",2310,"Cft"," @Rs.",896.39,"%Cft",{"$f":"C90*F90/100","v":{"v":20706.609,"d":"20707"}},"/-"]
[null,null,"TOTAL:",{"$nulls":4},{"$f":"H89+H90","v":{"v":1033626.825,"d":"1033627"}},"/-"]
[]
["NOTE: Quantities / Rates can be changed after Technical Sanction is received from Competent Authority."]
[]
[null,"                         CONTRACTOR","EXECUTIVE ENGINEER\nHIGHWAYS DIVISION DADU"]
["SCHEDULE \"B\" (BILL OF QUANTITIES)"]
[{"$f":"A85","v":"(04) REHABILITATION OF ROAD FROM SHAHEED BENAZIR BHUTTO GATE TO SSP CHOWK & SSP CHOWK TO SHAHJAHAN PARK ROAD DADU MILE 0/0-3/6 (IN PORTIONS)"}]
["PART \"F\" - DRAIN C TYPE"]
["S.NO","ITEM OF WORK","QUANTITY",null,"RATE","RATE","UNIT","AMOUNT"]
[]
["1/-","Excavation of foundation of building, bridges and other structure i/c degbelling, dressing and refilling around the structure with excavation earth watering lead up to 100 ft and lift up to 5.0 in ordinary soil.",2000,"Cft"," @Rs.",3176.25,"%0 Cft",{"$f":"C101*F101/1000","v":{"v":6352.5,"d":"6353"}},"/-"]
["2/-","Cement Concrete Brick or Stone ballast 1 1/2 to 2” gauge Ratio (1:4:8).",175,"Cft"," @Rs.",9416.28,"%Cft",{"$f":"C102*F102/100","v":{"v":16478.49,"d":"16478"}},"/-"]
["6/-","Errection and removal of centering for R.C.C or Plain Cement Concrete work vertical of Partal Wood.",1600,"Cft"," @Rs.",3127.41," %Cft",{"$f":"C103*F103/100","v":{"v":50038.56,"d":"50039"}},"/-"]
["7/-","Cement Concrete Plain including placing, compacting, finishing and curing etc complete include Screening and watering stone aggregate without shuttering Ratio (1:2:4).",650,"Cft"," @Rs.",14429.25,"%Cft",{"$f":"C104*F104/100","v":{"v":93790.125,"d":"93790"}},"/-"]
["8/-","R.C.C  work including all labor & material except the cost of steel reinforcement & its labor for bending and binding which will be paid separately. This rate also include all kind of forms moulds lifting shuttering curring rendering finishing the exposed surface including screening the washing of shingle. R.C.C work in roof slab beams, columns rafts and lintels and other structural member laid in Situ or precast laid in position complete in all respect Ratio (1:2:4).",116,"Cft"," @Rs.",{"v":337,"d":"337.00"},"P.Cft",{"$f":"C105*F105","v":39092},"/-"]
["9/-","Fabrication of mild steel enforcement for cement concrete include bending and laying in position and making joints, fastening including the cost of binding wires also include removal of rust from bars.",7.15,"Cwt"," @Rs.",{"v":5001.7,"d":"5001.70"},"P.Cwt",{"$f":"C106*F106","v":{"v":35762.155,"d":"35762"}},"/-"]
[null,null,"TOTAL:",{"$nulls":4},{"$f":"SUM(H101:H106)","v":{"v":241513.83,"d":"241514"}},"/-"]
[]
["i","Add difference in cost of Cement",151.62,"Bags"," @Rs.",650,"P.Bag",{"$f":"C109*F109","v":98553},"/-"]
["iii","Add difference in cost of S.Crush",168,"Cft"," @Rs.",1960,"%Cft",{"$f":"C110*F110/100","v":{"v":3292.8,"d":"3293"}},"/-"]
["iii","Add difference in cost of Hill Sand",421,"Cft"," @Rs.",736,"%Cft",{"$f":"C111*F111/100","v":{"v":3098.56,"d":"3099"}},"/-"]
["iv","Add difference in cost of C/Bajri",674.08,"Cft"," @Rs.",1725,"%Cft",{"$f":"C112*F112/100","v":{"v":11627.88,"d":"11628"}},"/-"]
["v","Add difference in cost of Steel",7.15,"Cwt"," @Rs.",154500,"P.Ton",{"$f":"C113/20*F113","v":{"v":55233.75000000001,"d":"55234"}},"/-"]
["vi","Add cost of Carriage",{"$nulls":5},53821,"/-"]
[]
["NOTE: Quantities / Rates can be changed after Technical Sanction is received from Competent Authority."]
[]
[null,"                         CONTRACTOR","EXECUTIVE ENGINEER\nHIGHWAYS DIVISION DADU"]
["SCHEDULE \"B\" (BILL OF QUANTITIES)"]
[{"$f":"A97","v":"(04) REHABILITATION OF ROAD FROM SHAHEED BENAZIR BHUTTO GATE TO SSP CHOWK & SSP CHOWK TO SHAHJAHAN PARK ROAD DADU MILE 0/0-3/6 (IN PORTIONS)"}]
["PART \"G\" - DAMAGES SLAB"]
["S.NO","ITEM OF WORK","QUANTITY",null,"RATE","RATE","UNIT","AMOUNT"]
[]
["1/-","R.C.C  work including all labor & material except the cost of steel reinforcement & its labor for bending and binding which will be paid separately. This rate also include all kind of forms moulds lifting shuttering curring rendering finishing the exposed surface including screening the washing of shingle. R.C.C work in roof slab beams, columns rafts and lintels and other structural member laid in Situ or precast laid in position complete in all respect Ratio (1:2:4).",116,"Cft"," @Rs.",{"v":337,"d":"337.00"},"P.Cft",{"$f":"C124*F124","v":39092},"/-"]
["2/-","Fabrication of mild steel enforcement for cement concrete include bending and laying in position and making joints, fastening including the cost of binding wires also include removal of rust from bars.",7.15,"Cwt"," @Rs.",{"v":5001.7,"d":"5001.70"},"P.Cwt",{"$f":"C125*F125","v":{"v":35762.155,"d":"35762"}},"/-"]
[null,null,"TOTAL:",{"$nulls":4},{"$f":"SUM(H124:H125)","v":{"v":74854.155,"d":"74854"}},"/-"]
[]
["i","Add difference in cost of Cement",20.42,"Bags"," @Rs.",650,"P.Bag",{"$f":"C128*F128","v":{"v":13273.000000000002,"d":"13273"}},"/-"]
["iii","Add difference in cost of S.Crush",null,"Cft"," @Rs.",1960,"%Cft",{"$f":"C129*F129/100","v":0},"/-"]
["iii","Add difference in cost of Hill Sand",51.04,"Cft"," @Rs.",736,"%Cft",{"$f":"C130*F130/100","v":{"v":375.6544,"d":"376"}},"/-"]
["iv","Add difference in cost of C/Bajri",102.08,"Cft"," @Rs.",1725,"%Cft",{"$f":"C131*F131/100","v":{"v":1760.88,"d":"1761"}},"/-"]
["v","Add difference in cost of Steel",7.15,"Cwt"," @Rs.",154500,"P.Ton",{"$f":"C132/20*F132","v":{"v":55233.75000000001,"d":"55234"}},"/-"]
["vi","Add cost of Carriage",{"$nulls":6},"/-"]
[]
["NOTE: Quantities / Rates can be changed after Technical Sanction is received from Competent Authority."]
[]
[null,"                         CONTRACTOR","EXECUTIVE ENGINEER\nHIGHWAYS DIVISION DADU"]